000 00782nam a22002297a 4500
005 20100811133741.0
010 _aENG-99700
020 _a9788190804172
_c90.00
035 _aEN-83232
037 _bDBAD/PUB
082 _a332.4
100 _aRaveena, E.B. Mary
_910940
245 _aA text book on monetary economics /
_cby E.B.Mary Raveena
260 _aChennai
_bValarpirai Publisher
_c2007
270 _a17, Salai Vinayagar Koil Street
_bChennai
_e600001
300 1 _a160p.
_c21cm (pbk)
650 _aMonetary policy
_910941
650 _aMoney
_910942
650 _aFiscal
_910943
942 _2ddc
_cEN
_h332.4
_mRAV
999 _c40977
_d40977